000 00656nam a2200181Ia 4500
003 GCL
005 20240530110212.0
008 140319s9999 xx 000 0 ara d
040 _aGCL /
_cGCL
082 0 4 _aم
_b345
_bم ق
100 1 _aمعوض عبدالتواب
245 1 0 _aقانون العقوبات معلقا عليه باحكام محكمة النقض منذ انشائها حتى يونية 1987 /
_cمعوض عبدالتواب
260 _a[S.N] :
_bدار الوفاء للطباعة والنشر والتوزيع ،
_c1988
300 _a979 ص
650 0 4 _aالقانون
650 0 4 _aقانون العقوبات
942 _2ddc
_cREF
999 _c59338
_d59338